1900 1937 1851 1929 1318 1696 1787 1021 1653 1573 1267 1038 1299 1947 1094 1799 1362 1758 1681 1609 1843 1670 1831 1146 1546 1008 1319 1951 1709 1143 1950 1797 1676 1525 1240 1357 1439 1713 1719 1753 1579 1077 1809 1517 1926 1321 1602 1186 1673 1635 1845 1997 1018 1554 1568 1001 1068 1044 1107 1394 1222 1908 1834 1101 1805 1419 1729 1934 1124 1484 1794 1839 1564 1740 1445 1703 1850 1491 1704 1189 1330 1159 1024 1806 1581 1842 1775 1237 1564 1008 1110 1678 1322 1643 1762 1536 1441 1150 1789 BCNSPRNW ULIB Ver.6.0+V

เปลี่ยนเป็นภาษาไทย

Change to English
 แสดงรายละเอียดบรรณานุกรม
  กลับหน้าหลัก

Brief Record : Get Marc (ISO 2709) : E-mail record : QR code < ปิดหน้าต่าง
LEADER : 00000nam 2200000uu 4500
001    13399128812
003     ULIB
008    241008s2563||||th 000 0 tha d
020    ^a9789740339069
060  0 ^aWY161^bข275ก
100 0  ^aขวัญฤทัย พันธุ
245 00 ^aการพยาบาลผู้ป่วยที่ได้รับหัตถการทางการแพทย์ทางอายุรกรรม/^cขวัญฤทัย พันธุ
250    ^aพิมพ์ครั้งที่ 3
260    ^aกรุงเทพฯ:^bสำนักพิมพ์แห่งจุฬาลงกรณ์มหาวิทยาลัย,^c2563
300    ^a63 หน้า
501    ^aตำแหน่งหนังสือ > ชั้น 11B แถวที่ 2
650  0 ^aการดูแลหลังศัลยกรรม
650  0 ^aการพยาบาลศัลยศาสตร์
650  0 ^aการพยาบาลทางห้องผ่าตัด
856    ^a^zสารบัญ^uhttps://drive.google.com/file/d/1DxbSXXXA8wwoQfZtKeClnPFLTKO49W1J/view?usp=sharing
945    ^p100^l0^i010956
945    ^p100^l0^i010957
945    ^p100^l0^i010958
945    ^p100^l0^i010959
945    ^p100^l0^i010960
945    ^p100^l0^i010961
945    ^p100^l0^i010962
999    ^aประนอม เกษจรัล
รายการนี้ยังไม่มีแท็ก
คุณยังไม่ได้ล็อกอิน คุณสามารถมีกิจกรรมร่วมกับเว็บไซต์ได้ แต่ต้องล็อกอินก่อน ::
  ล็อกอิน

รายการสื่อสารสนเทศ

ลำดับที่ ประเภท เลขเรียก/บาร์โค้ด สถานที่ สถานะ
1. Book การพยาบาล
หนังสือสำรอง
สถานะ=หนังสือสำรอง
WY161 ข275ก ฉ.1 
  Barcode: 010956
ห้องสมุดวิทยาเขตสวรรค์ประชารักษ์
►หนังสือทั่วไป
บนชั้น
2. Book การพยาบาล
Book การพยาบาล
WY161 ข275ก ฉ.2 
  Barcode: 010957
ห้องสมุดวิทยาเขตสวรรค์ประชารักษ์
►หนังสือทั่วไป
บนชั้น
3. Book การพยาบาล
Book การพยาบาล
WY161 ข275ก ฉ.3 
  Barcode: 010958
ห้องสมุดวิทยาเขตสวรรค์ประชารักษ์
►หนังสือทั่วไป
บนชั้น
4. Book การพยาบาล
Book การพยาบาล
WY161 ข275ก ฉ.4 
  Barcode: 010959
ห้องสมุดวิทยาเขตสวรรค์ประชารักษ์
►หนังสือทั่วไป
บนชั้น
5. Book การพยาบาล
Book การพยาบาล
WY161 ข275ก ฉ.5 
  Barcode: 010960
ห้องสมุดวิทยาเขตสวรรค์ประชารักษ์
►หนังสือทั่วไป
บนชั้น
6. Book การพยาบาล
Book การพยาบาล
WY161 ข275ก ฉ.6 
  Barcode: 010961
ห้องสมุดวิทยาเขตสวรรค์ประชารักษ์
►หนังสือทั่วไป
บนชั้น
7. Book การพยาบาล
Book การพยาบาล
WY161 ข275ก ฉ.7 
  Barcode: 010962
ห้องสมุดวิทยาเขตสวรรค์ประชารักษ์
►หนังสือทั่วไป
บนชั้น

รายการใกล้เคียง
    ผู้แต่ง [ขวัญฤทัย พันธุ]

    หัวเรื่อง [การพยาบาลศัลยศาสตร์]
    หัวเรื่อง [การพยาบาลทางห้องผ่าตัด]

BibComment


ยังไม่เคยถูกคอมเมนท์

คอมเมนท์ทรัพยากรรายการนี้
  คอมเมนท์: การพยาบาลผู้ป่วย..


 Copyright 2026. Bcnsprnw @Library